Normal view
MARC view
- القانون - تفسير - المؤسسات التشريعية - الاردن
Entry Topical Term
001 - CONTROL NUMBER
- control field: 46503
003 - CONTROL NUMBER IDENTIFIER
- control field: JO-AjAnu
005 - DATE AND TIME OF LATEST TRANSACTION
- control field: 20230606081702.0
008 - FIXED-LENGTH DATA ELEMENTS
- fixed length control field: 230606|| aca||aabn | a|a d
040 ## - CATALOGING SOURCE
- Original cataloging agency: JO-AjAnu
- Transcribing agency: JO-AjAnu
150 ## - HEADING--TOPICAL TERM
- Topical term or geographic name entry element: القانون - تفسير - المؤسسات التشريعية - الاردن
670 ## - SOURCE DATA FOUND
- Source citation: Work cat.: (JO-AjAnu)23803: إعداد المصري، محمد ذيب, author 46502, مجموعة القرارات التفسيرية الصادرة عن الديوان الخاص بتفسير القوانين والمجلس العالي لتفسير الدستور منذ سنة 1930-1975، ج2